000 00834nam a22002657a 4500
003 UA-OsUOA
001 24557
007 ta
008 20040220b un ||||| |||| 00| 0 ukr d
100 _aПоловнікова Ж.Ю.
700 _aФедоров К.Л.
090 _a343.21.7(08)
_bП52
942 _cBK
040 _aUA-OsUOA
_bukr
_cUA-OsUOA
_dUA-OsUOA
245 _aАльбом схем з кримінального права. Загальна частина
_bНавчальний посібник для студентів вищих навчальних закладів
300 _a132 с.
955 _a0
041 _aukr
080 _a343.21.7(08)
020 _a966-8407-18-0
260 _aКиїв
_bВидавничий дім "Слово"
_c2003
044 _aUA
650 7 _2UDC
999 _c310835
_d310835